Diversity, dissent and dialogue : (Record no. 150702)

MARC details
000 -LEADER
fixed length control field 00626nam a22001937a 4500
005 - DATE AND TIME OF LATEST TRANSACTION
control field 20180423121354.0
010 ## - LCCN (DPL NO)
LC control number ENG-122465
020 ## - INTERNATIONAL STANDARD BOOK NUMBER
International Standard Book Number 9788171394890
Terms of availability 800.00
035 ## - SYSTEM CONTROL NUMBER
System control number EN-105997
037 ## - SOURCE OF ACQUISITION
Source of stock number/acquisition DBAD/PUB
082 ## - DEWEY DECIMAL CLASSIFICATION NUMBER
Classification number 270.2
100 ## - MAIN ENTRY--PERSONAL NAME
Personal name Obaidullah Fahad
245 ## - TITLE STATEMENT
Title Diversity, dissent and dialogue :
Statement of responsibility, etc by Obaidullah Fahad
Remainder of title some islamic readings /
260 ## - PUBLICATION, DISTRIBUTION, ETC. (IMPRINT)
Place of publication, distribution, etc New Delhi
Name of publisher, distributor, etc Jnanada Prakashan (P&D)
Date of publication, distribution, etc 2012
270 ## - ADDRESS
Address 4837/2, 24, Ansari Road, Daryaganj,
City New Delhi
Postal code 110002
300 ## - PHYSICAL DESCRIPTION
Extent 246p.
Other physical details ill.
Dimensions 21cm(Hb)
500 ## - GENERAL NOTE
General note Include bibliography [and] index
942 ## - ADDED ENTRY ELEMENTS (KOHA)
Source of classification or shelving scheme Dewey Decimal Classification
Item type English Books
Call number suffix OBA
Classification part 270.2
Holdings
Withdrawn status Lost status Not for loan Collection code Home library Current library Date acquired Source of acquisition Cost, normal purchase price Full call number Barcode Copy number Cost, replacement price Koha item type
    Not For Loan Non-fiction D.B.Act.Division Patel Nagar 03/04/2018 DBAD/PUB 800.00 270.2 OBA EN-105997 1 800.00 English Books

© Delhi Public Library
Hit Counter
free hit counter